| 000 | 01161cam a2200313 a 4500 | ||
|---|---|---|---|
| 999 |
_c6884 _d6884 |
||
| 001 | 2108685 | ||
| 003 | GZU | ||
| 005 | 20210503125314.0 | ||
| 008 | 960925s1997 sw b 000 0 eng | ||
| 010 | _a 96045029 | ||
| 020 | _a1570751072 (alk. paper) | ||
| 040 |
_aDLC _cDLC _dDLC |
||
| 050 | 0 | 0 |
_aBT736.4 REC 1997 _b.R43 1997 |
| 082 | 0 | 0 |
_a261.8/09 _221 |
| 245 | 0 | 4 |
_aThe reconciliation of peoples : _bchallenge to the churches / _cedited by Gregory Baum, Harold Wells. |
| 260 |
_aGeneva, Switzerland : _bWCC Publications ; _aMaryknoll, N.Y. : _bOrbis Books, _c1997. |
||
| 300 |
_aix, 195 p. ; _c24 cm. |
||
| 500 | _aIncludes references | ||
| 504 | _aIncludes bibliographical references. | ||
| 600 | _2Theology for reconciliation | ||
| 600 | _2The church and genocide | ||
| 650 | 0 |
_aReconciliation _xReligious aspects _xChristianity. |
|
| 650 | 0 |
_aPeace _xReligious aspects _xChristianity. |
|
| 700 | 1 |
_aBaum, Gregory, _d1923- |
|
| 700 | 1 | _aWells, Harold. | |
| 906 |
_a7 _bcbc _corignew _d1 _eocip _f19 _gy-gencatlg |
||
| 942 |
_2lcc _cBK _h736.4 _iREC _kBT |
||